LEADER 02513oam 2200517 450 001 9910583082203321 005 20190911100031.0 010 $a0-12-805145-0 010 $a0-12-804830-1 035 $a(OCoLC)1029886772 035 $a(MiFhGG)GVRL7ZHW 035 $a(EXLCZ)994100000000918860 100 $a20180507h20182018 uy 0 101 0 $aeng 135 $aurun|---uuuua 181 $2rdacontent 182 $2rdamedia 183 $2rdacarrier 200 10$aFundamentals of geoenvironmental engineering $eunderstanding soil, water, and pollutant interaction and transport /$fAbdel-Mohsen Onsy Mohamed, Zayed University, Abu Dhabi, Untied Arab Emirates, Evan K. Paleologos, Abu Dhabi University, Abu Dhabi, Untied Arab Emirates ; in association with Val?eria Guimar?aes S. Rodrigues, University of S?ao Paulo, S?ao Carlos School of Engineering, S?ao Carlos, Brazil, Devendra Narain Singh, Indian Institute of Technology Bombay, Powai, Mumbai, India 210 1$aOxford :$cButterworth-Heinemann, an imprint of Elsevier,$d[2018] 210 4$d?2018 215 $a1 online resource (xix, 688 pages) $cillustrations (some color), maps 225 0 $aGale eBooks 300 $aIncludes index. 320 $aIncludes bibliographical references at the end of each chapters and index. 327 $a1. Geoenvironmental engineering -- 2. Soil-water-pollutant -- 3. Emerging pollutants -- 4. Mechanical, hydraulic, electrical, magnetic, and dielectric permittivity characteristics of soils and their impact on remedial technologies. 330 $aThis book examines soil-water-pollutant interaction, including physico-chemical processes that occur when soil is exposed to various contaminants. Soil characteristics relevant to remedial techniques are explored, providing foundations for the correct process selection. 606 $aEnvironmental geotechnology 606 $aGeotechnical engineering 606 $aEnvironmental geology 606 $aPollutants 606 $aCross-media pollution 615 0$aEnvironmental geotechnology. 615 0$aGeotechnical engineering. 615 0$aEnvironmental geology. 615 0$aPollutants. 615 0$aCross-media pollution. 676 $a624.151 700 $aMohamed$b Abdel-Mohsen Onsy$0471476 702 $aPaleologos$b Evan K. 801 0$bMiFhGG 801 1$bMiFhGG 906 $aBOOK 912 $a9910583082203321 996 $aFundamentals of geoenvironmental engineering$92118220 997 $aUNINA